书目信息 |
| 题名: |
智能材料系统和结构
|
|
| 作者: | 王殿富 , 杜善义 , 冷劲松 著 | |
| 分册: | ||
| 出版信息: | 北京 科学出版社 2001 |
|
| 页数: | 309页 | |
| 开本: | 20cm | |
| 丛书名: | ||
| 单 册: | ||
| 中图分类: | TB381 | |
| 科图分类: | ||
| 主题词: | 工程材料 | |
| 电子资源: | ||
| ISBN: | 7-03-008123-4 | |
| 000 | 00641nam0 2200205 450 | |
| 001 | 0735592734 | |
| 005 | 20070906095312.73 | |
| 010 | @a7-03-008123-4@d¥26.00 | |
| 100 | @a20070906d km y0chiy0120 ea | |
| 101 | 0 | @achi |
| 200 | 1 | @a智能材料系统和结构@Azhi neng cai liao xi tong he jie gou@f杜善义,冷劲松,王殿富著@Fdu shan yi,leng jin song,wang dian fu zhu |
| 210 | @a北京@c科学出版社@d2001 | |
| 215 | @a309页@d20cm | |
| 606 | 0 | @a工程材料 |
| 690 | @aTB381@v3 | |
| 701 | 0 | @a王殿富@Awang dian fu@4著 |
| 701 | 0 | @a杜善义@Adu shan yi@4著 |
| 701 | 0 | @a冷劲松@Aleng jin song@4著 |
| 801 | 0 | @aCN@bPFT@c20070906 |
| 905 | @a213230@dTB381@eP8@f1 | |
| 智能材料系统和结构/杜善义,冷劲松,王殿富著.-北京:科学出版社,2001 |
| 309页;20cm |
| ISBN 7-03-008123-4:¥26.00 |
| ● |
| 相关链接 |
|
|
|
|
正题名:智能材料系统和结构
索取号:TB381/P8
 
预约/预借
| 序号 | 登录号 | 条形码 | 馆藏地/架位号 | 状态 | 备注 |
| 1 | 7200877 | 272008775 | 密集书库-物理学院/ [索取号:TB381/P8] | 在馆 | |
| 2 | 7200878 | 272008784 | 物理系资料室/ [索取号:TB381/P8] | 在馆 |